We will smash this prison / (Record no. 136105)

MARC details
000 -LEADER
fixed length control field 00666nam a22002297a 4500
005 - DATE AND TIME OF LATEST TRANSACTION
control field 20170124110254.0
010 ## - LIBRARY OF CONGRESS CONTROL NUMBER
LC control number 989216
020 ## - INTERNATIONAL STANDARD BOOK NUMBER
Terms of availability 00.00
035 ## - SYSTEM CONTROL NUMBER
System control number 989216
037 ## - SOURCE OF ACQUISITION
Source of stock number/acquisition Cen Lib/Ret
040 ## - CATALOGING SOURCE
Original cataloging agency DPL
Language of cataloging EN
082 ## - DEWEY DECIMAL CLASSIFICATION NUMBER
Classification number 396.0954
Item number OMV
100 ## - MAIN ENTRY--PERSONAL NAME
Personal name Omvedt, Gail
9 (RLIN) 107181
245 ## - TITLE STATEMENT
Title We will smash this prison /
Statement of responsibility, etc by Gail Omvedt
260 ## - PUBLICATION, DISTRIBUTION, ETC. (IMPRINT)
Place of publication, distribution, etc New Delhi
Name of publisher, distributor, etc Orient Longman
Date of publication, distribution, etc 1979
270 ## - ADDRESS
City New Delhi
Address 3/5 Asaf ali road
Postal code 110002
300 ## - PHYSICAL DESCRIPTION
Extent 189p.
Dimensions 21cm(Hb)
500 ## - GENERAL NOTE
General note Includes bibliographical references and glossary
650 ## - SUBJECT ADDED ENTRY--TOPICAL TERM
Topical term or geographic name as entry element Law
Chronological subdivision
Geographic subdivision
9 (RLIN) 107182
650 ## - SUBJECT ADDED ENTRY--TOPICAL TERM
Topical term or geographic name as entry element Social status
9 (RLIN) 107183
942 ## - ADDED ENTRY ELEMENTS (KOHA)
Source of classification or shelving scheme Dewey Decimal Classification
Koha item type English Books
Classification part 396.0954
Call number suffix OMV
Holdings
Withdrawn status Lost status Damaged status Not for loan Collection code Home library Current library Date acquired Source of acquisition Total Checkouts Full call number Barcode Date last seen Copy number Price effective from Koha item type Public note
Written off     Not For Loan Reference Central Library Central Library 07/12/2015 Cen Lib/Ret   396.0954 OMV 989216 07/12/2015 1 07/12/2015 English Books Written off on approval by DLB (By Circulation); dtd 15-06-2023

© Delhi Public Library
Hit Counter
free hit counter